90 secs World Capitals: by Capital City directly North-West - Statistics

General Stats
  • This quiz has been taken 298 times
  • The average score is 139 of 196
Answer Stats
Capital City % Correct
Abu Dhabi
100%
Bandar Seri Begawan
100%
Bangkok
100%
Canberra
100%
Colombo
100%
Dili
100%
Doha
100%
Jakarta
100%
Kuala Lumpur
100%
Male
100%
Manama
100%
Phnom Penh
100%
Riyadh
100%
Singapore
100%
Wellington
100%
Damascus
99%
Kuwait City
99%
Muscat
99%
New Delhi
99%
Port Moresby
99%
Port-Vila
99%
Amman
98%
Antananarivo
98%
Asmara
98%
Beirut
98%
Cairo
98%
Djibouti
98%
Jerusalem
98%
Maputo
98%
Mogadishu
98%
Moroni
98%
Nicosia
98%
Nuku'alofa
98%
Port Louis
98%
Pretoria
98%
Sana'a
98%
Suva
98%
Victoria
98%
Addis Ababa
97%
Athens
97%
Honiara
97%
Khartoum
97%
Nairobi
97%
Dhaka
96%
Gaborone
96%
Maseru
96%
Mbabane
96%
Nay Pyi Taw
96%
Tirana
96%
Ashgabat
95%
Kathmandu
95%
Rome
95%
San Marino
95%
Vientiane
95%
Windhoek
95%
Baghdad
94%
Harare
94%
Islamabad
94%
Kabul
94%
Valletta
94%
Vatican City
94%
Lusaka
93%
Thimphu
93%
Apia
92%
Hanoi
92%
Lilongwe
92%
Monaco
92%
Paris
92%
Ankara
91%
Brasilia
91%
Funafuti
91%
Melekeok
90%
Skopje
90%
Yaren
90%
Manila
89%
Pristina
89%
Dushanbe
88%
Paramaribo
88%
Podgorica
88%
Tehran
88%
Kinshasa
87%
Palikir
87%
Sarajevo
87%
Yerevan
87%
Tashkent
86%
Brazzaville
85%
Dodoma
85%
Tarawa
85%
Vaduz
85%
Juba
84%
Kampala
82%
Luanda
82%
Majuro
82%
Asuncion
81%
Bern
81%
Bridgetown
81%
Montevideo
81%
Moscow
81%
Roseau
81%
Sao Tome
81%
Sucre
80%
Buenos Aires
79%
Baku
78%
Bujumbura
78%
Sofia
78%
Tbilisi
78%
Accra
77%
Kigali
77%
Bucharest
76%
London
74%
Saint John's
74%
Basseterre
73%
Bogota
72%
Belgrade
71%
Libreville
71%
Lima
71%
Washington
71%
Freetown
70%
Monrovia
70%
Yamoussoukro
70%
Chisinau
69%
Lome
69%
Bissau
68%
Budapest
68%
Conakry
68%
Tripoli
68%
San Jose
67%
Banjul
66%
Quito
66%
Kiev
65%
Tokyo
64%
Dakar
63%
Minsk
63%
Praia
63%
Berlin
62%
San Salvador
62%
Tunis
62%
Managua
61%
Warsaw
61%
Guatemala City
59%
Ottawa
59%
N'Djamena
58%
Vilnius
56%
Beijing
55%
Zagreb
55%
Mexico City
54%
Ljubljana
53%
Vienna
52%
Caracas
51%
Dublin
51%
Georgetown
49%
Algiers
48%
Amsterdam
48%
Oslo
47%
Bangui
46%
Bratislava
46%
Luxembourg
44%
Prague
44%
Brussels
43%
Yaounde
43%
Andorra la Vella
42%
Helsinki
41%
Port-of-Spain
41%
Reykjavik
39%
Taipei
39%
Abuja
37%
Riga
36%
Seoul
36%
Panama
33%
Santiago
33%
Madrid
32%
Stockholm
29%
Astana
27%
Kingston
27%
Lisbon
27%
Pyongyang
25%
Rabat
25%
Saint George's
25%
Havana
24%
Port-au-Prince
20%
Malabo
18%
Castries
16%
Porto-Novo
16%
Kingstown
14%
Ulaanbaatar
14%
Santo Domingo
13%
Tallinn
13%
Nassau
12%
Bamako
11%
Copenhagen
11%
Belmopan
10%
Bishkek
9%
Tegucigalpa
5%
Niamey
4%
Ouagadougou
4%
Nouakchott
3%
No matching quizzes found
Score Distribution
Percent of People with Each Score
Percentile by Number Answered
Your Score History
You have not taken this quiz